000 00410nam a2200169Ia 4500
008 221030s9999 xx 000 0 und d
020 _a813150221X
041 _aEnglish
082 _a105.23
100 _aJ. M. Penrose
245 0 _aBusiness Communication for Managers
260 _bThomson Learning
_aSingapore
_c2007
300 _a470
650 _aManagement
700 _aR. W. Rasberry
942 _cBK
999 _c3055
_d3055